[Event "Yingmei CHN-chT 2018"]
[Site "Guangdong"]
[Date "2018.11.28"]
[Round "20"]
[White "Zou, Chen"]
[Black "Wen, Yang"]
[Result "1/2-1/2"]
[WhiteElo "2384"]
[BlackElo "2609"]
[Annotator "TA"]
[PlyCount "105"]
[EventDate "2018.07.09"]
[EventType "team-tourn"]
[EventCountry "CHN"]
[SourceTitle "playchess.com"]
[Source "ChessBase"]
[SourceQuality "1"]

{[%evp 18,105,32,24,23,16,17,16,23,17,19,22,22,7,13,0,0,0,14,0,0,0,12,0,0,0,0,0,16,0,0,0,59,14,31,0,23,23,67,54,58,55,130,135,129,46,91,69,85,95,89,68,81,37,81,-9,0,-14,30,4,52,56,74,59,45,0,0,-26,-6,-408,-4,-194,-114,-331,0,0,0,0,0,0,0,0,0,0,0,0,0,0,0,0]} 1. e4 e5 2. Nf3 Nc6 3. Bb5 a6 4. Ba4 Nf6 5. O-O b5 6. Bb3 Bb7 7. d3 Be7 8. Re1 O-O 9. a4 d6 10. Nbd2 Qd7 {C88: Closed Ruy Lopez: Anti-Marshall Systems} 11. Nf1 Nd8 12. axb5 (12. Ng3 Ne6 13. Nf5 Bd8 14. Ng5 Nxg5 15. Bxg5 g6 16. Ne3 Ng4 17. Bxd8 Nxe3 18. Rxe3 Raxd8 19. axb5 axb5 {½-½ (29) Svidler,P (2760)-Efimenko,Z (2636) Germany 2018}) 12... axb5 13. Rxa8 Bxa8 14. Ng3 Ne6 15. c3 c5 16. d4 exd4 17. cxd4 d5 {[%cal Rd5e4]} 18. e5 Ne4 $146 19. Nf5 c4 20. Nxe7+ Qxe7 21. Bc2 Bc6 22. Be3 Rd8 23. Nd2 Qb4 24. Qc1 Qa5 (24... Ra8 $11) 25. Nb1 b4 $1 26. Bd1 h6 27. f3 {[%cal Bf2f3,Bf3f4,Bf4f5][%mdl 32]} N4g5 28. f4 (28. h4 $5 {[%cal Rh4g5]}) 28... Ne4 29. f5 N6g5 (29... Nc7 $14) 30. h4 $1 $16 {[%cal Rh4g5]} Nh7 31. Bf3 (31. Nd2 $16) 31... Rc8 32. f6 Qd8 33. Bxe4 dxe4 34. Rf1 gxf6 35. Qe1 Kh8 36. exf6 (36. Qxb4 $16 fxe5 37. dxe5) 36... Qd6 37. Bxh6 e3 {And now ...Re8 would win.} (37... Nxf6 38. Qe2 $17) 38. Qxe3 {Black must now prevent Bg7+.} Re8 (38... Nxf6 $5 {[%cal Rf6g4]} 39. Bg5 Ng4 $14) 39. Qf2 {Strongly threatening Nd2.} Re4 40. Nd2 $1 {[%csl LRc4,LRe4]} Rxd4 41. Nf3 Rg4 42. Bg7+ Kg8 43. h5 $2 {[%mdl 8192]} (43. Qe2 $11 Qb8 44. Qe7 Bxf3 45. Rxf3 Rxh4 46. Qe3) 43... Nxf6 $2 (43... Ng5 $19 44. Nxg5 (44. Kh1 {is a self mate.} Nxf3 45. Qxf3 Bxf3 46. Rxf3 Qd2 47. g3 Qe2 48. Re3 Qxe3 49. h6 Rxg3 50. h7+ Kxh7 51. Kh2 Qg1#) 44... Bxg2 45. Qxg2 (45. Qf5 $2 Bf3+ 46. Qxg4 Bxg4 $19) 45... Qc5+ 46. Rf2 Rxg2+ 47. Kxg2 Qxg5+ {[%mdl 64] Double Attack} 48. Kf3 Qxh5+ 49. Kf4 c3 50. bxc3 Qh4+ 51. Kf3 b3) 44. h6 $2 (44. Nh4 $1 $11 Rxh4 45. Qxh4) 44... Nh5 ({Better is} 44... Ne4 $19 45. Qd4 Rxg2+ $1 {[%mdl 512]} 46. Kxg2 Qg6+ 47. Kh2 Qg3+ 48. Kh1 Qh3+ {[%mdl 64] Double Attack} 49. Kg1 Qg4+ 50. Kh2 Qh5+ 51. Kg2 Qg6+ 52. Kh2 Qg3+ 53. Kh1 Qh3+ {[%mdl 64] Double Attack} 54. Kg1 Qg4+ 55. Kh2 Qg3+) 45. Ng5 $2 {[#]} (45. Be5 $17 {was the only chance.} Qxh6 46. Rd1) 45... Rxg2+ $2 (45... Qc5 $1 $19 46. Bd4 (46. Qxc5 $2 {gets mated.} Rxg2+ 47. Kh1 Ng3#) (46. h7+ $2 Kxg7 47. Kh2 Rxg2+ 48. Qxg2 Bxg2 $19) 46... Qxd4 47. h7+ Kh8 48. Qxd4+ Rxd4 49. Rxf7 Rd8) 46. Qxg2 $11 {The position is equal.} Bxg2 47. h7+ Kxg7 {[#]} 48. h8=Q+ $1 {[%mdl 576] Decoy} Kxh8 49. Nxf7+ Kg7 50. Nxd6 Bxf1 51. Kxf1 c3 52. bxc3 bxc3 {( -> ...c2)} 53. Ke2 {Accuracy: White = 27%, Black = 45%.} 1/2-1/2

[Event "Yingmei CHN-chT 2018"]
[Site "Guangdong"]
[Date "2018.11.28"]
[Round "20"]
[White "Xiao, Yiyi"]
[Black "Gong, Qianyun"]
[Result "1/2-1/2"]
[WhiteElo "2375"]
[BlackElo "2328"]
[Annotator "TA"]
[PlyCount "73"]
[EventDate "2018.07.09"]
[EventType "team-tourn"]
[EventCountry "CHN"]
[SourceTitle "playchess.com"]
[Source "ChessBase"]
[SourceQuality "1"]

{[%evp 23,73,-7,0,-25,0,0,0,0,0,0,22,22,20,18,20,17,17,17,17,16,47,55,46,40,83,18,18,18,22,20,20,13,58,50,44,11,11,11,11,8,8,8,8,8,80,24,24,0,0,0,0,8]} 1. d4 Nf6 2. c4 e6 3. g3 d5 4. Bg2 dxc4 5. Nf3 Nc6 6. O-O Rb8 7. Nc3 b5 8. Ne5 Nxe5 {E04: Open Catalan: 5 Nf3} 9. dxe5 Nd7 10. Qc2 (10. Qd4 c5 11. Qf4 Qc7 12. b3 b4 13. Ne4 Qxe5 14. Qxe5 Nxe5 15. Bf4 f6 16. bxc4 {0-1 (44) Miton,K (2614)-Dragun,K (2599) Poland 2016}) 10... Bb7 11. Bxb7 Rxb7 12. Rd1 Qc8 {LiveBook: 7 Games} 13. Be3 Be7 14. a4 c6 15. axb5 $146 ({Predecessor:} 15. Ne4 O-O 16. Nd6 Bxd6 17. exd6 {0-1 (44) Ghisi,S (1912)-Severins,J (2099) ICCF email 2014}) 15... cxb5 16. Rxa7 O-O (16... Rxa7 {seems wilder.} 17. Bxa7 Qc6 18. Qe4 Qxe4 19. Nxe4 Nxe5 20. Bd4 f6) 17. Nxb5 {[#] And now Qe4 would win.} Nxe5 18. Nd6 $36 {[%mdl 2048] White fights for an advantage.} Bxd6 $1 19. Rxb7 Qxb7 20. Rxd6 h6 21. Bd4 Ng6 22. Bc3 ({Of course not} 22. Qxc4 Rc8 $11) 22... Ra8 23. Qd1 Qe4 24. Rd8+ (24. f3 $16 Qe3+ 25. Kf1) 24... Rxd8 $11 25. Qxd8+ Kh7 26. Qd4 Qxd4 27. Bxd4 {[%mdl 4096] Endgame KB-KN} f5 28. Kf1 Kg8 29. h4 h5 30. e4 {Ke2 is the strong threat.} Kf7 $1 31. Ke2 {Black should prevent Kd2.} e5 $1 {[%cal Re5d4]} 32. Bc5 Ke6 33. Ke3 Nh8 (33... Kf6 $11) 34. Bb4 ({White should play} 34. f4 $16) 34... Nf7 35. f3 {[%cal Bf2f3,Bf3f4][%mdl 32]} g6 36. f4 Nd6 37. Bxd6 {Accuracy: White = 67%, Black = 61%.} 1/2-1/2

[Event "Yingmei CHN-chT 2018"]
[Site "Guangdong"]
[Date "2018.11.28"]
[Round "20"]
[White "Girya, Olga"]
[Black "Wang, Jue"]
[Result "1/2-1/2"]
[WhiteElo "2318"]
[BlackElo "2351"]
[Annotator "RC"]
[PlyCount "85"]
[EventDate "2018.07.09"]
[EventType "team-tourn"]
[EventCountry "CHN"]
[SourceTitle "playchess.com"]
[Source "ChessBase"]
[SourceQuality "1"]
[TimeControl "5400+30"]

1. d4 {[%emt 0:00:00]} Nf6 {[%emt 0:00:00]} 2. c4 {[%emt 0:00:00]} e6 {[%emt 0:00:03]} 3. Nf3 {[%emt 0:00:00]} d5 {[%emt 0:00:06]} 4. Nc3 {[%emt 0:00:00]} c5 {[%emt 0:00:05]} 5. cxd5 {[%emt 0:00:02]} Nxd5 {[%emt 0:00:07]} 6. e4 {[%emt 0:00:04]} Nxc3 {[%emt 0:00:06]} 7. bxc3 {[%emt 0:00:05]} cxd4 {[%emt 0:00:04]} 8. cxd4 {[%emt 0:00:10]} Bb4+ {[%emt 0:00:03]} 9. Bd2 {[%emt 0:00:11]} Bxd2+ {[%emt 0:00:06]} 10. Qxd2 {[%emt 0:00:03]} O-O {[%emt 0:00:09]} 11. Rc1 {[%emt 0:01:00]} b6 {[%emt 0:00:06]} 12. Bd3 {[%emt 0:00:39]} Ba6 {[%emt 0:00:06]} 13. Bxa6 {[%emt 0:00:29]} Nxa6 {[%emt 0:00:12]} 14. O-O {[%emt 0:00:09]} Qe7 {[%emt 0:00:03]} 15. Qe2 {[%emt 0:01:22]} Qb7 {[%emt 0:00:18]} 16. Ne5 {[%emt 0:00:23]} Rac8 {[%emt 0:00:15]} 17. Qb5 {[%emt 0:01:00]} Nb8 {[%emt 0:01:18]} 18. d5 {[%emt 0:01:28]} exd5 {[%emt 0:00:07]} 19. exd5 {[%emt 0:00:08]} Qe7 {[%emt 0:07:37]} 20. Nc6 {[%emt 0:01:52]} Nxc6 {[%emt 0:07:06]} 21. Rxc6 {[%emt 0:00:26]} Rxc6 {[%emt 0:15:45]} 22. dxc6 {[%emt 0:02:12]} Rc8 {[%emt 0:06:24]} 23. Rc1 {[%emt 0:00:28]} Rc7 {[%emt 0:03:27]} 24. g3 {[%emt 0:13:19]} h6 {[%emt 0:11:22]} 25. h4 {[%emt 0:00:41]} Qd6 {[%emt 0:13:32]} 26. h5 {[%emt 0:12:19]} Qf6 {[%emt 0:04:09]} 27. Qe2 {[%emt 0:06:35]} Qe6 {[%emt 0:02:14]} 28. Qc2 {[%emt 0:00:41]} Qd5 {[%emt 0:06:24]} 29. Qe2 {[%emt 0:01:59]} Qe6 {[%emt 0:03:41]} 30. Qf3 {[%emt 0:01:23]} b5 {[%emt 0:03:01]} 31. a3 {[%emt 0:28:46]} a5 {[%emt 0:12:22]} 32. Rc5 {[%emt 0:00:53]} b4 {[%emt 0:02:49]} 33. Rxa5 {[%emt 0:06:38]} bxa3 {[%emt 0:00:05]} 34. Ra8+ {[%emt 0:03:53]} Rc8 {[%emt 0:00:04]} 35. c7 {[%emt 0:06:16]} a2 {[%emt 0:00:04]} 36. Qb7 {[%emt 0:01:44]} Rxa8 {[%emt 0:00:04]} 37. Qxa8+ {[%emt 0:00:05]} Kh7 {[%emt 0:00:05]} 38. Kg2 {[%emt 0:02:05]} a1=Q {[%emt 0:01:09]} 39. Qxa1 {[%emt 0:01:25]} Qc6+ {[%emt 0:00:03]} 40. Kh2 {[%emt 0:00:10]} Qxc7 {[%emt 0:00:03]} 41. Qb1+ {[%emt 0:00:16]} Kg8 {[%emt 0:00:03]} 42. Qe4 {[%emt 0:00:28]} Qd7 {[%emt 0:01:21]} 43. Qa8+ {[%emt 0:00:18]} 1/2-1/2

[Event "Yingmei CHN-chT 2018"]
[Site "Guangdong"]
[Date "2018.11.28"]
[Round "20"]
[White "Li, Ruofan"]
[Black "Wang, Yu A."]
[Result "1-0"]
[WhiteElo "2314"]
[BlackElo "2379"]
[Annotator "TA"]
[PlyCount "67"]
[EventDate "2018.07.09"]
[EventType "team-tourn"]
[EventCountry "CHN"]
[SourceTitle "playchess.com"]
[Source "ChessBase"]
[SourceQuality "1"]

{[%evp 9,67,30,45,58,53,53,51,59,89,47,78,39,43,45,49,51,91,91,94,100,90,77,95,73,149,141,265,262,259,250,273,268,270,271,261,247,259,247,247,245,241,239,240,238,255,254,349,348,503,483,655,650,614,634,1984,2018,1641,1522,29986,29986]} 1. d4 d6 2. Nf3 Nf6 3. c4 g6 4. Nc3 Bf5 5. h3 Bg7 6. g4 {E61: King's Indian: Early deviations for White, including Smyslov System} Bd7 7. e4 O-O 8. Be3 {White is slightly better.} Na6 9. Be2 c5 10. d5 Nc7 11. Qd2 $146 ({Predecessor:} 11. a4 b6 12. Qd2 a6 {1-0 (29) Sargissian,G (2675)-Gagunashvili,M (2582) Rijeka 2010}) 11... a6 12. e5 Nfe8 13. Bh6 dxe5 14. Bxg7 Kxg7 15. Nxe5 Nd6 16. Qe3 b6 (16... f6 $142) 17. O-O-O Rc8 (17... f6 $16) 18. h4 $18 {[%cal Bh3h4,Bh4h5][%mdl 32]} f6 19. Nc6 Bxc6 20. dxc6 Qe8 21. Nd5 Nxd5 22. cxd5 Qf7 23. h5 {[#] Hoping for hxg6.} ({Don't play} 23. Bxa6 $6 Ra8 $18) 23... g5 24. f4 ({Don't do} 24. Bxa6 $6 Ra8) 24... gxf4 25. Qxf4 Kh8 26. Kb1 ({Much less strong is} 26. Bxa6 Ra8 $16) 26... a5 27. Bd3 Qg7 28. Rhe1 {[%cal Bh1e1,Be1e6,Be6e7][%mdl 32]} Rce8 (28... Rc7 $142 29. Re6 Rg8) 29. Re6 b5 30. Rde1 c4 31. Bf5 Nxf5 32. Qxf5 c3 33. d6 Qh6 34. Rxe7 {Accuracy: White = 86%, Black = 38%.} 1-0

[Event "Yingmei CHN-chT 2018"]
[Site "Guangdong"]
[Date "2018.11.28"]
[Round "20"]
[White "Peng, Hongchi"]
[Black "Xu, Minghui"]
[Result "1/2-1/2"]
[WhiteElo "2273"]
[BlackElo "2334"]
[Annotator "TA"]
[PlyCount "133"]
[EventDate "2018.07.09"]
[EventType "team-tourn"]
[EventCountry "CHN"]
[SourceTitle "playchess.com"]
[Source "ChessBase"]
[SourceQuality "1"]

{[%evp 29,133,25,45,-3,-10,-50,-45,-105,-93,-145,-138,-136,-144,-143,-126,-131,-135,-205,-137,-166,-127,-153,-94,-82,-96,-215,-148,-148,-147,-132,-139,-148,-156,-247,-210,-210,-218,-224,-225,-221,-212,-205,-161,-161,-124,-119,-124,-124,-124,-129,-85,-139,-82,-60,-31,-50,-55,-156,-153,-140,-158,-136,0,0,0,0,0,0,0,0,0,0,0,0,0,0,0,0,0,0,0,0,0,0,0,0,0,0,0,-8,0,0,0,0,0,0,0,0,0,0,0,0,0,0,0,0]} 1. e4 e5 2. Nf3 Nc6 3. Bb5 a6 4. Ba4 Nf6 5. O-O Be7 6. Re1 b5 7. Bb3 d6 8. c3 O-O 9. h3 Bb7 10. d4 Re8 11. Nbd2 Bf8 12. a3 g6 13. Ba2 Bg7 14. b4 exd4 {C92: Closed Ruy Lopez: 9...Be6, Karpov and Flohr-Zaitsev Variations} 15. cxd4 a5 {[#] LiveBook: 12 Games} 16. Qe2 $146 (16. d5 $5 {[%cal Rd5c6]} Nb8 17. Bb2 $11) ({Predecessor:} 16. Qb3 Qd7 17. Bb2 axb4 18. axb4 Ra4 19. Bc3 Nh5 20. Bb1 Rxa1 21. Bxa1 Nf4 22. Bc3 {1-0 (77) Inarkiev,E (2723)-Oparin,G (2625) Moscow 2017}) 16... Qd7 17. Bb2 axb4 18. Ng5 (18. Qxb5 $15 Ba6 19. Qa4) 18... Nd8 ({But not} 18... bxa3 $6 19. Bxf7+ Kh8 20. Bxe8 $14) 19. Bb1 (19. axb4 $142 h6 20. Ngf3) 19... bxa3 $17 20. Rxa3 Rxa3 21. Bxa3 {[#]} Nd5 $1 {[%mdl 512]} 22. Ngf3 (22. exd5 Rxe2) 22... b4 23. Bb2 (23. Qc4 $17) 23... Nc3 24. Qd3 Nxb1 25. Rxb1 Ne6 (25... d5 $142 26. e5 Ne6) 26. d5 Nc5 27. Qe3 (27. Qc4 $17) 27... f5 $36 {[%cal Rf5e4][%mdl 2048] Black is in control.} 28. Bxg7 Qxg7 29. e5 Bxd5 30. Rxb4 Nd7 $1 31. Qa7 (31. Rb5 $17 {was called for.} Bc6 32. Qb3+ Qf7 33. Qxf7+ Kxf7 34. e6+ {[%mdl 64] Decoy} Rxe6 35. Ng5+ Ke7 36. Nxe6 Bxb5 37. Nxc7) 31... Nxe5 32. Rb8 {[#]} Nxf3+ $1 33. Nxf3 {[#]} Kf8 $1 34. Nd4 Qe7 35. Nb5 Qe1+ 36. Kh2 c6 37. Nc7 Qe5+ 38. g3 Rxb8 39. Qxb8+ Kf7 {...Qe2 is the strong threat.} 40. Nxd5 Qxd5 {[%mdl 4096] Endgame KQ-KQ} (40... cxd5 $142 41. Qc7+ Kg8 42. Qd8+ Kg7 43. Qc7+ Kh6) 41. Qc7+ Kf6 42. Qxh7 Qf7 43. Qh6 ({Better is} 43. Qh4+ $15 Kg7 44. Qd8) 43... c5 44. h4 Ke7 45. Qh8 d5 ({Black should play} 45... c4 $17 {White must now prevent ...Qf6.} 46. Qd4 Qe6 47. Qg7+ Ke8) 46. Qb8 $11 {The position is equal.} c4 {Hoping for ...Qe6.} 47. Qb4+ $1 Kd7 (47... Ke6 $5) 48. Qb7+ Ke6 49. Qb6+ Ke5 {And now ...Qe6 would win.} 50. Qe3+ Kf6 51. Qd4+ Ke7 52. Qc5+ $1 Kd8 {White should prevent ...Qe6.} 53. Qa5+ Qc7 54. Qxd5+ Ke7 {Threatens to win with ...c3.} 55. h5 gxh5 56. Qxf5 c3 57. Qh7+ Kd6 58. Qd3+ Ke6 59. Qg6+ Kd7 60. Qd3+ Ke8 61. Qg6+ Kf8 62. Qf6+ Kg8 63. Qg6+ Kh8 64. Qh6+ Kg8 65. Qg6+ Kh8 66. Qh6+ Kg8 67. Qg6+ {Accuracy: White = 61%, Black = 76%.} 1/2-1/2

[Event "Yingmei CHN-chT 2018"]
[Site "Guangdong"]
[Date "2018.11.28"]
[Round "20"]
[White "Zhu, Jiner"]
[Black "Khademalsharieh, Sarasadat"]
[Result "1/2-1/2"]
[WhiteElo "2107"]
[BlackElo "2448"]
[Annotator "TA"]
[PlyCount "70"]
[EventDate "2018.07.09"]
[EventType "team-tourn"]
[EventCountry "CHN"]
[SourceTitle "playchess.com"]
[Source "ChessBase"]
[SourceQuality "1"]

{[%evp 24,70,-14,-5,-10,-31,-31,-37,-39,-45,-43,-31,-11,-26,-24,-15,-8,-7,0,-36,-39,-44,-31,-34,-25,-48,10,4,13,0,0,0,0,-58,-50,-56,-45,-56,0,0,16,0,0,0,25,0,0,0,31]} 1. e4 e5 2. Nf3 Nc6 3. Bb5 a6 4. Ba4 Nf6 5. O-O b5 6. Bb3 Bb7 7. Re1 Bc5 8. c3 d6 9. d4 Bb6 10. a4 h6 11. d5 {C78: Ruy Lopez: Archangelsk and Möller Defences} (11. axb5 axb5 12. Rxa8 Qxa8 13. Na3 O-O 14. Nxb5 exd4 15. Nbxd4 Nxd4 16. Nxd4 Bxe4 17. f3 Bg6 18. Be3 Re8 19. Bf2 Rxe1+ 20. Qxe1 Nd7 21. Bc2 Bxd4 22. Bxg6 Bxf2+ 23. Kxf2 {0-1 (37) Hakobyan,A (2542)-Sethuraman,S (2657) Yerevan 2018}) 11... Ne7 12. axb5 axb5 13. Rxa8 {LiveBook: 3 Games} Bxa8 14. Na3 c6 15. dxc6 Bxc6 {[#]} 16. Bc2 $146 ({Predecessor:} 16. Qd3 Qb8 17. Be3 Bc7 18. Bd2 O-O {½-½ (40) Horvath,A (2509)-Sardana,R (2232) Canberra 2013}) 16... O-O 17. h3 Qb8 18. Qe2 Bc7 19. Bd2 Qb7 20. Bd3 Rb8 21. c4 bxc4 22. Nxc4 Ng6 23. b4 Qa8 24. Nh2 {[#]} d5 ({Black should play} 24... Nxe4 $1 $15 {[%mdl 512]} 25. Bxe4 Bxe4 26. Nxe5 (26. Qxe4 Qxe4 27. Rxe4 d5 $15 {[%mdl 64] Double Attack}) 26... dxe5 27. Qxe4 Qxe4 28. Rxe4 Bd6) 25. exd5 $11 Bxd5 26. Ng4 Nxg4 27. Qxg4 Be6 $1 {[%cal Re6g4]} 28. Qe2 (28. Qg3 $11) 28... Nf4 $1 $15 29. Bxf4 exf4 30. Rb1 Bd5 (30... Qd5 $15) 31. Qe7 Qb7 32. Na5 Qb6 33. Nc4 Qb7 34. Na5 Qb6 35. Nc4 Qb7 {Accuracy: White = 55%, Black = 49%.} 1/2-1/2

[Event "Yingmei CHN-chT 2018"]
[Site "Guangdong"]
[Date "2018.11.28"]
[Round "20"]
[White "Ding, Yixin"]
[Black "Zhai, Mo"]
[Result "1-0"]
[WhiteElo "2089"]
[BlackElo "2304"]
[Annotator "RC"]
[PlyCount "109"]
[EventDate "2018.07.09"]
[EventType "team-tourn"]
[EventCountry "CHN"]
[SourceTitle "playchess.com"]
[Source "ChessBase"]
[SourceQuality "1"]
[TimeControl "5400+30"]

1. Nf3 {[%emt 0:00:00]} Nf6 {[%emt 0:00:32]} 2. d4 {[%emt 0:00:00]} g6 {[%emt 0:00:25]} 3. Nc3 {[%emt 0:02:26]} d5 {[%emt 0:00:53]} 4. Bf4 {[%emt 0:00:00]} Bg7 {[%emt 0:02:34]} 5. e3 {[%emt 0:00:00]} a6 {[%emt 0:05:28]} 6. Ne5 {[%emt 0:05:48]} Bf5 {[%emt 0:09:32]} 7. g4 {[%emt 0:14:07]} Be6 {[%emt 0:00:21]} 8. Bg2 {[%emt 0:00:06]} Nc6 {[%emt 0:17:32]} 9. Bf3 {[%emt 0:06:57]} Nxe5 {[%emt 0:12:31]} 10. Bxe5 {[%emt 0:01:55]} h6 {[%emt 0:01:38]} 11. Qe2 {[%emt 0:03:14]} Kf8 {[%emt 0:10:52]} 12. h4 {[%emt 0:09:48]} Qd7 {[%emt 0:04:15]} 13. g5 {[%emt 0:01:18]} hxg5 {[%emt 0:02:41]} 14. hxg5 {[%emt 0:00:02]} Rxh1+ {[%emt 0:00:22]} 15. Bxh1 {[%emt 0:00:01]} Nh5 {[%emt 0:00:59]} 16. Bf3 {[%emt 0:05:08]} Bxe5 {[%emt 0:00:23]} 17. dxe5 {[%emt 0:01:24]} Kg7 {[%emt 0:01:12]} 18. O-O-O {[%emt 0:00:15]} c6 {[%emt 0:00:14]} 19. Bxh5 {[%emt 0:13:15]} gxh5 {[%emt 0:00:01]} 20. Qxh5 {[%emt 0:00:07]} Rh8 {[%emt 0:00:36]} 21. Qe2 {[%emt 0:00:02]} Rh2 {[%emt 0:03:03]} 22. Qf3 {[%emt 0:10:43]} Qc8 {[%emt 0:04:32]} 23. Ne2 {[%emt 0:09:14]} Bg4 {[%emt 0:03:07]} 24. Qf4 {[%emt 0:00:01]} Rh3 {[%emt 0:00:34]} 25. Re1 {[%emt 0:04:28]} Rf3 {[%emt 0:09:55]} 26. Qd4 {[%emt 0:00:08]} c5 {[%emt 0:00:32]} 27. Qxd5 {[%emt 0:00:34]} Rxf2 {[%emt 0:00:11]} 28. Nf4 {[%emt 0:05:48]} Bf5 {[%emt 0:04:20]} 29. Nd3 {[%emt 0:00:29]} Bxd3 {[%emt 0:00:35]} 30. Qxd3 {[%emt 0:00:02]} Qf5 {[%emt 0:00:23]} 31. Qc3 {[%emt 0:04:31]} b6 {[%emt 0:02:11]} 32. e6+ {[%emt 0:00:13]} Kg6 {[%emt 0:00:45]} 33. exf7 {[%emt 0:00:06]} Kxf7 {[%emt 0:00:09]} 34. Qc4+ {[%emt 0:02:34]} Kg7 {[%emt 0:00:16]} 35. Rg1 {[%emt 0:00:44]} Qf3 {[%emt 0:03:09]} 36. Qc3+ {[%emt 0:00:30]} Kg8 {[%emt 0:00:30]} 37. Qc4+ {[%emt 0:00:30]} Kg7 {[%emt 0:00:30]} 38. g6 {[%emt 0:00:30]} Re2 {[%emt 0:00:30]} 39. Qc3+ {[%emt 0:00:30]} Kg8 {[%emt 0:00:30]} 40. Qd3 {[%emt 0:01:20]} Kg7 {[%emt 0:00:07]} 41. Kb1 {[%emt 0:00:30]} Rg2 {[%emt 0:00:30]} 42. Rf1 {[%emt 0:00:30]} Rf2 {[%emt 0:00:30]} 43. Rc1 {[%emt 0:00:30]} Qg2 {[%emt 0:00:30]} 44. a4 {[%emt 0:00:30]} Qxg6 {[%emt 0:00:30]} 45. e4 {[%emt 0:00:30]} a5 {[%emt 0:00:30]} 46. Qc3+ {[%emt 0:00:30]} Kf7 {[%emt 0:00:32]} 47. Re1 {[%emt 0:00:57]} Rg2 {[%emt 0:01:00]} 48. e5 {[%emt 0:00:06]} Kg8 {[%emt 0:00:07]} 49. e6 {[%emt 0:00:41]} Rg3 {[%emt 0:00:20]} 50. Re3 {[%emt 0:00:02]} Rg2 {[%emt 0:00:10]} 51. Ka2 {[%emt 0:01:10]} Rxc2 {[%emt 0:00:43]} 52. Qc4 {[%emt 0:00:01]} Kh7 {[%emt 0:01:10]} 53. Qd5 {[%emt 0:00:31]} Kg7 {[%emt 0:00:02]} 54. Rh3 {[%emt 0:00:17]} Qf6 {[%emt 0:00:21]} 55. Qe5 {[%emt 0:00:04] Kh6 [%clk 00:01:16] Qxf6+ [%clk 00:00:43] exf6 [%clk 00:01:44] Re3 [%clk 00:01:09]} 1-0

[Event "Yingmei CHN-chT 2018"]
[Site "Guangdong"]
[Date "2018.11.28"]
[Round "20"]
[White "Yan, Tianqi"]
[Black "Zhao, Shengxin"]
[Result "1/2-1/2"]
[WhiteElo "2021"]
[BlackElo "2360"]
[Annotator "TA"]
[PlyCount "60"]
[EventDate "2018.07.09"]
[EventType "team-tourn"]
[EventCountry "CHN"]
[SourceTitle "playchess.com"]
[Source "ChessBase"]
[SourceQuality "1"]

{[%evp 9,60,15,20,-61,-85,-95,-16,-41,-38,-78,-77,-104,-62,-62,-60,-66,-35,-40,-39,-43,-15,-21,36,-14,29,-12,-14,-11,0,-22,-23,-37,-33,-73,-53,-155,-54,-32,-23,-60,12,12,44,-46,-61,-28,5,6,7,25,120,47,396]} 1. e4 c6 2. d4 d5 3. exd5 cxd5 4. Bd3 Nc6 5. c3 Qc7 6. Qf3 {B13: Caro-Kann: Exchange Variation and Panov-Botvinnik Attack} (6. Na3 $11) (6. Ne2 Bg4 7. O-O e6 8. Qe1 Bxe2 9. Qxe2 Nf6 10. Nd2 Bd6 11. g3 O-O 12. f4 a6 13. Nf3 b5 14. a3 Ne7 {½-½ (52) Le,Q (2715)-Nisipeanu,L (2661) Batumi 2018}) 6... Nxd4 $1 $15 7. Qxd5 Nc6 (7... e5 $17 8. Bb5+ Nxb5 9. Qxb5+ Bd7) 8. Bb5 $146 {The position is equal.} ({Predecessor:} 8. Ne2 Nf6 9. Qg5 h6 10. Qh4 e5 11. O-O Be6 12. Nd2 O-O-O 13. Bb5 a6 14. Bc4 {½-½ (34) Lacina,A (2237)-Neuman,P (2442) Klatovy 2017}) 8... Nf6 9. Qf3 e5 10. Bg5 Be7 11. Nd2 O-O 12. Ne2 h6 (12... Bg4 {is more complex.} 13. Qg3 Bh5 14. O-O Rfd8 15. Rfe1 Bg6) 13. Bxf6 $1 Bxf6 14. O-O Be6 15. Ng3 Qb6 (15... Rad8 $11 16. Rfd1 Qb6) 16. a4 a6 17. Bd3 Rad8 (17... Qxb2 $2 18. Nde4 $18) 18. Rfd1 Ne7 ({Reject} 18... Qxb2 $6 19. Nge4 $16) 19. b4 Bg5 20. Nde4 f5 21. Nc5 {[#] Black must now prevent a5.} e4 22. Qe2 (22. Ngxe4 $1 $15 fxe4 23. Qxe4) 22... Bd5 (22... Rxd3 $17 23. Rxd3 exd3 24. Qxe6+ Qxe6 25. Nxe6 Rc8 26. Nxg5 hxg5) 23. Bc4 {Threatens to win with Bxd5+.} Qc6 $1 24. Bxd5+ Rxd5 (24... Nxd5 $15 25. a5 e3) 25. Rxd5 $11 Nxd5 26. Rd1 (26. Qc4 $14 b6 27. Rd1 bxc5 28. Rxd5 {[%mdl 64] Double Attack}) 26... Kh8 $15 27. Qc4 Nb6 (27... Nf4 $5 {[%cal Rb7b6]} 28. a5 {[#]} Nd3 $1 $15 {[%mdl 512]}) 28. Qe6 Qxe6 $1 29. Nxe6 Rc8 (29... Rf7 $1 $11 {keeps the balance.}) 30. Nxg5 (30. a5 $16 Na4 31. Nxf5 (31. Nxg5 hxg5 32. Nxf5 Nxc3 $14)) 30... Nxa4 $2 {[%mdl 40960] Accuracy: White = 34%, Black = 33%. . An unexpected result.} ({Better is} 30... hxg5 $14 31. a5 (31. Nxf5 Nxa4 32. Rd7 Nxc3 $11) 31... Na4) 1/2-1/2